Právo cenných papierov
Salvato in:
| Autore principale: | |
|---|---|
| Altri autori: | , |
| Natura: | Libro |
| Lingua: | slovacco |
| Pubblicazione: |
Bratislava
Wolters Kluwer
2016
|
| Edizione: | 2. dopl. a preprac. vyd. |
| Soggetti: | |
| Tags: |
Nessun Tag, puoi essere il primo ad aggiungerne!!
|
MARC
| LEADER | 00000nam a2200000 4500 | ||
|---|---|---|---|
| 001 | 0217064 | ||
| 005 | 20240502073617.4 | ||
| 020 | |a 978-80-8168-422-7 | ||
| 041 | 0 | |a slo | |
| 044 | |a SK | ||
| 245 | 1 | 0 | |a Právo cenných papierov |c Dušan Holub ; recenzenti: Ľubomír Čunderlík, Ľubica Horniaková |
| 250 | |a 2. dopl. a preprac. vyd. | ||
| 264 | 1 | |a Bratislava |b Wolters Kluwer |c 2016 | |
| 300 | |a 362 s. [20,5 AH] | ||
| 610 | 2 | 0 | |a úpravy právne |
| 610 | 2 | 0 | |a zákony |
| 610 | 2 | 0 | |a papiere cenné |
| 610 | 2 | 0 | |a zmluvy |
| 610 | 2 | 0 | |a akcie |
| 610 | 2 | 0 | |a akcie prioritné |
| 610 | 2 | 0 | |a dlhopisy |
| 610 | 2 | 0 | |a dlhopisy štátne |
| 610 | 2 | 0 | |a poukážky pokladničné |
| 610 | 2 | 0 | |a obligácie |
| 610 | 2 | 0 | |a obligácie komunálne |
| 610 | 2 | 0 | |a zamestnanci |
| 610 | 2 | 0 | |a knižky vkladné |
| 610 | 2 | 0 | |a listy vkladové |
| 610 | 2 | 0 | |a tovar |
| 610 | 2 | 0 | |a listy podielové |
| 610 | 2 | 0 | |a družstvá |
| 610 | 2 | 0 | |a fondy podielové |
| 610 | 2 | 0 | |a zmenky |
| 610 | 2 | 0 | |a šeky |
| 100 | 1 | |a Holub, Dušan | |
| 700 | 1 | |a Čunderlík, Ľubomír | |
| 700 | 1 | |a Horniaková, Ľubica | |